[Event "2. Bundesliga West 2018/19"]
[Site "OMICRON Electronics"]
[Date "2018.12.09"]
[Round "5"]
[Board "1"]
[White "Bilchinski, Anton"]
[Black "Henrichs, Thomas"]
[Result "1-0"]
[WhiteElo "2301"]
[BlackElo "2469"]
[PlyCount "85"]
[EventDate "2018.10.12"]
[EventType "team"]
[EventRounds "11"]
[EventCountry "AUT"]
[WhiteTeam "Pradl"]
[BlackTeam "Hohenems II"]

1. d4 Nf6 2. c4 e6 3. Nc3 Bb4 4. Qc2 d5 5. a3 Bxc3+ 6. Qxc3 O-O 7. Nf3 dxc4 8.
Qxc4 b6 9. Bg5 Ba6 10. Qa4 h6 11. Bh4 c5 12. dxc5 bxc5 13. Rc1 Qb6 14. Bxf6
gxf6 15. Rc2 Nc6 16. e3 Bxf1 17. Rxf1 Na5 18. Nd2 Rfd8 19. b4 Nb7 20. Ke2 cxb4
21. axb4 Qd6 22. Rfc1 a5 23. b5 Qd3+ 24. Ke1 Nc5 25. Qg4+ Kf8 26. Qe2 Qxe2+ 27.
Kxe2 Rxd2+ 28. Rxd2 Nb3 29. Rc7 Nxd2 30. b6 Rb8 31. b7 Rxb7 32. Rxb7 Ne4 33.
Ra7 f5 34. Rxa5 Kg7 35. f3 Nf6 36. Kd3 Kg6 37. Kd4 h5 38. Ke5 Nd7+ 39. Kf4 Kf6
40. e4 e5+ 41. Kg3 fxe4 42. fxe4 Nf8 43. Kh4  1-0

[Event "2. Bundesliga West 2018/19"]
[Site "OMICRON Electronics"]
[Date "2018.12.09"]
[Round "5"]
[Board "2"]
[White "Breder, Dennis"]
[Black "Everett, Elijah"]
[Result "1-0"]
[WhiteElo "2466"]
[BlackElo "2232"]
[PlyCount "57"]
[EventDate "2018.10.12"]
[EventType "team"]
[EventRounds "11"]
[EventCountry "AUT"]
[WhiteTeam "Hohenems II"]
[BlackTeam "Pradl"]

1. e4 c5 2. Nf3 d6 3. Bb5+ Nd7 4. d4 cxd4 5. Qxd4 a6 6. Bxd7+ Bxd7 7. O-O e5 8.
Qd3 h6 9. Rd1 Nf6 10. c4 b5 11. c5 dxc5 12. Nxe5 Be6 13. Qf3 Qc7 14. Bf4 Qb7
15. Nc3 Be7 16. Nd5 O-O 17. a4 Rfd8 18. Nc6 Rxd5 19. exd5 Bg4 20. Qe3 Nxd5 21.
Rxd5 Qxc6 22. Rd2 Bf6 23. Rd6 Qc8 24. Rxf6 gxf6 25. Qg3 Kh7 26. Qh4 bxa4 27. h3
Be2 28. Qxh6+ Kg8 29. Ra3  1-0

[Event "2. Bundesliga West 2018/19"]
[Site "OMICRON Electronics"]
[Date "2018.12.09"]
[Round "5"]
[Board "3"]
[White "Mittelberger, Peter"]
[Black "Berchtenbreiter, Maximilian"]
[Result "0-1"]
[WhiteElo "2199"]
[BlackElo "2426"]
[PlyCount "76"]
[EventDate "2018.10.12"]
[EventType "team"]
[EventRounds "11"]
[EventCountry "AUT"]
[WhiteTeam "Pradl"]
[BlackTeam "Hohenems II"]

1. e4 g6 2. d4 c6 3. Nc3 d5 4. Nf3 dxe4 5. Nxe4 Nf6 6. Nxf6+ exf6 7. Bc4 Bg7 8.
O-O O-O 9. Re1 a5 10. a4 Na6 11. c3 Nc7 12. Qb3 b5 13. Bf1 Be6 14. Qd1 Re8 15.
g3 Bd5 16. Rxe8+ Qxe8 17. Bg2 b4 18. Bf4 Ne6 19. Be3 f5 20. Qd2 Rb8 21. Qd3 Qd8
22. Bd2 c5 23. cxb4 axb4 24. a5 cxd4 25. a6 Nc5 26. Qc2 Qb6 27. a7 Ra8 28. Ne1
Bxg2 29. Nxg2 b3 30. Qc4 Rxa7 31. Re1 Ra8 32. Re7 Ne6 33. Nf4 Qc5 34. Qxc5 Nxc5
35. f3 h5 36. Rc7 d3 37. Be3 Bxb2 38. Rxc5 Bd4  0-1

[Event "2. Bundesliga West 2018/19"]
[Site "OMICRON Electronics"]
[Date "2018.12.09"]
[Round "5"]
[Board "4"]
[White "Novkovic, Milan"]
[Black "Sucher, Johannes"]
[Result "1-0"]
[WhiteElo "2359"]
[BlackElo "2172"]
[PlyCount "48"]
[EventDate "2018.10.12"]
[EventType "team"]
[EventRounds "11"]
[EventCountry "AUT"]
[WhiteTeam "Hohenems II"]
[BlackTeam "Pradl"]

1. Nf3 Nf6 2. c4 c6 3. b3 d5 4. Bb2 Bf5 5. e3 e6 6. Be2 Nbd7 7. O-O Bd6 8. cxd5
cxd5 9. Nc3 Rc8 10. Nb5 Bb8 11. Ba3 Bc2 12. Qe1 Nc5 13. Bxc5 Rxc5 14. Rc1 Qc8
15. b4 Rc6 16. Nfd4 Bg6 17. Nxc6 bxc6 18. Nd4 Qb7 19. Nxc6 Bd6 20. b5 O-O 21.
a3 Ne4 22. f3 Nf6 23. Qd1 Nd7 24. Qa4 Qc7  1-0

[Event "2. Bundesliga West 2018/19"]
[Site "OMICRON Electronics"]
[Date "2018.12.09"]
[Round "5"]
[Board "5"]
[White "Mitterwald, Johannes"]
[Black "Atlas, Dmitry"]
[Result "0-1"]
[WhiteElo "2163"]
[BlackElo "2184"]
[PlyCount "40"]
[EventDate "2018.10.12"]
[EventType "team"]
[EventRounds "11"]
[EventCountry "AUT"]
[WhiteTeam "Pradl"]
[BlackTeam "Hohenems II"]

1. e4 e6 2. d4 d5 3. Nd2 Nf6 4. e5 Nfd7 5. Bd3 c5 6. c3 Nc6 7. Ne2 cxd4 8. cxd4
f6 9. exf6 Nxf6 10. Nf3 Bd6 11. O-O Qc7 12. Re1 O-O 13. Nc3 a6 14. h3 Bd7 15.
Bd2 Bf4 16. Rc1 Nh5 17. Ng5 Bxg5 18. Qxh5 Bxd2 19. Bxh7+ Kh8 20. Re3 Qf4  0-1

[Event "2. Bundesliga West 2018/19"]
[Site "OMICRON Electronics"]
[Date "2018.12.09"]
[Round "5"]
[Board "6"]
[White "Heinrici, Simon"]
[Black "Nussbaumer, Leon"]
[Result "1-0"]
[WhiteElo "2088"]
[BlackElo "1977"]
[PlyCount "55"]
[EventDate "2018.10.12"]
[EventType "team"]
[EventRounds "11"]
[EventCountry "AUT"]
[WhiteTeam "Hohenems II"]
[BlackTeam "Pradl"]

1. e4 c5 2. Nf3 e6 3. c4 Nc6 4. Nc3 Nf6 5. Be2 d5 6. exd5 exd5 7. d4 dxc4 8. d5
Nb4 9. Bxc4 Bf5 10. Nh4 Nc2+ 11. Kf1 Nd4 12. Nxf5 Nxf5 13. Bb5+ Nd7 14. Qg4 Nd4
15. Bg5 f5 16. Qf4 Qc8 17. d6 Kf7 18. Bc4+ Kg6 19. Qg3 h6 20. Bxh6+ Kxh6 21.
Qh4+ Kg6 22. Qxh8 Ne5 23. Bg8 Qd7 24. Qh7+ Kg5 25. f4+ Kxf4 26. Qh4+ Ng4 27.
Re1 Bxd6 28. Nd5#  1-0

[Event "2. Bundesliga West 2018/19"]
[Site "OMICRON Electronics"]
[Date "2018.12.09"]
[Round "5"]
[Board "1"]
[White "Breneis, Lukas"]
[Black "Frank, Emanuel"]
[Result "0-1"]
[WhiteElo "2192"]
[BlackElo "2175"]
[PlyCount "86"]
[EventDate "2018.10.12"]
[EventType "team"]
[EventRounds "11"]
[EventCountry "AUT"]
[WhiteTeam "SPG Oberland"]
[BlackTeam "ASK Salzburg"]

1. c4 e6 2. Nf3 d5 3. b3 Nf6 4. g3 Be7 5. Bg2 O-O 6. O-O b6 7. Bb2 Bb7 8. Ne5
c5 9. e3 Qc7 10. d4 dxc4 11. bxc4 Bxg2 12. Kxg2 cxd4 13. exd4 Nc6 14. Qe2 Nxe5
15. dxe5 Qc6+ 16. f3 Nd7 17. Nd2 Rac8 18. Rac1 Qa4 19. Ne4 Qxa2 20. Rc3 Qa6 21.
Ra1 Qb7 22. Nd6 Bxd6 23. exd6 a5 24. Rd1 e5 25. Rd5 f6 26. Qe4 Nc5 27. Qc2 Qd7
28. Re3 Rc6 29. f4 Rxd6 30. Rxd6 Qxd6 31. fxe5 fxe5 32. Bxe5 Qc6+ 33. Kg1 Re8
34. Qe2 Nd7 35. Bd4 Rxe3 36. Qxe3 Kf7 37. Qf2+ Kg8 38. Qe3 Kf7 39. Qf2+ Kg8 40.
Qe3 Qxc4 41. Bxb6 a4 42. Qe7 Qc1+ 43. Kg2 Qc6+  0-1

[Event "2. Bundesliga West 2018/19"]
[Site "OMICRON Electronics"]
[Date "2018.12.09"]
[Round "5"]
[Board "2"]
[White "Burschowsky, Matthias"]
[Black "Natter, Siegfried"]
[Result "1-0"]
[WhiteElo "2227"]
[BlackElo "2247"]
[PlyCount "71"]
[EventDate "2018.10.12"]
[EventType "team"]
[EventRounds "11"]
[EventCountry "AUT"]
[WhiteTeam "ASK Salzburg"]
[BlackTeam "SPG Oberland"]

1. c4 e6 2. g3 d5 3. Bg2 Nf6 4. Nf3 Be7 5. O-O O-O 6. b3 b6 7. Bb2 Bb7 8. e3 c5
9. Nc3 Nbd7 10. Qe2 Ne4 11. cxd5 exd5 12. d4 Nxc3 13. Bxc3 a5 14. Rfd1 a4 15.
Ne5 Nf6 16. dxc5 bxc5 17. bxa4 Rxa4 18. Qb5 Qa8 19. Rab1 Ra7 20. a4 Rc8 21. a5
Ba6 22. Qa4 c4 23. Rb6 Rac7 24. Qa1 Ne4 25. Bxe4 dxe4 26. Qa4 Bc5 27. Nd7 Bb7
28. Nxc5 Rxc5 29. Qd7 Rd5 30. Rxd5 Bxd5 31. Qg4 f6 32. Bxf6 Rc7 33. Bc3 Qe8 34.
Qf4 Rb7 35. Rxb7 Bxb7 36. Qc7  1-0

[Event "2. Bundesliga West 2018/19"]
[Site "OMICRON Electronics"]
[Date "2018.12.09"]
[Round "5"]
[Board "3"]
[White "Schnegg, Daniel"]
[Black "Scheiblmaier, Robert"]
[Result "1/2-1/2"]
[WhiteElo "2117"]
[BlackElo "2192"]
[PlyCount "44"]
[EventDate "2018.10.12"]
[EventType "team"]
[EventRounds "11"]
[EventCountry "AUT"]
[WhiteTeam "SPG Oberland"]
[BlackTeam "ASK Salzburg"]

1. f4 d5 2. b3 Nf6 3. e3 g6 4. Bb2 Bg7 5. Nf3 O-O 6. Bb5 a6 7. Be2 Bg4 8. O-O
c5 9. d3 Nc6 10. Nbd2 b5 11. Ne5 Bxe2 12. Qxe2 Qc7 13. c4 Nd7 14. Nxc6 Qxc6 15.
Bxg7 Kxg7 16. Nf3 e6 17. Rac1 Qd6 18. g3 Rac8 19. Rcd1 Qc6 20. Rc1 Qd6 21. Rcd1
Qc6 22. Rc1 Qd6  1/2-1/2

[Event "2. Bundesliga West 2018/19"]
[Site "OMICRON Electronics"]
[Date "2018.12.09"]
[Round "5"]
[Board "4"]
[White "Loeffler, Christoph"]
[Black "Moritz, Christian"]
[Result "0-1"]
[WhiteElo "2125"]
[BlackElo "2100"]
[PlyCount "74"]
[EventDate "2018.10.12"]
[EventType "team"]
[EventRounds "11"]
[EventCountry "AUT"]
[WhiteTeam "ASK Salzburg"]
[BlackTeam "SPG Oberland"]

1. e4 e6 2. d4 d5 3. e5 c5 4. Qg4 Nc6 5. Nf3 cxd4 6. Bd3 Nb4 7. O-O Nxd3 8.
cxd3 Qb6 9. Qxd4 Qxd4 10. Nxd4 Bd7 11. Nc3 a6 12. a4 Ne7 13. Be3 Nc6 14. Nxc6
Bxc6 15. Bb6 Rc8 16. Rfc1 f6 17. f4 Bb4 18. Bd4 Kf7 19. Rf1 f5 20. Rfc1 Be7 21.
Kf2 g5 22. Ne2 Rhg8 23. g3 g4 24. b3 Bd7 25. Bb6 Rxc1 26. Rxc1 Rc8 27. Rxc8
Bxc8 28. Ke3 Ke8 29. Nd4 h5 30. Nc2 Bd7 31. Kd4 h4 32. Kc3 h3 33. d4 Bh4 34.
Ne3 Bxg3 35. Nf1 Bxf4 36. Kd3 Bxh2 37. Nxh2 g3  0-1

[Event "2. Bundesliga West 2018/19"]
[Site "OMICRON Electronics"]
[Date "2018.12.09"]
[Round "5"]
[Board "5"]
[White "Meyer, Paul"]
[Black "Herrmann, Michael"]
[Result "0-1"]
[WhiteElo "2120"]
[BlackElo "2124"]
[PlyCount "118"]
[EventDate "2018.10.12"]
[EventType "team"]
[EventRounds "11"]
[EventCountry "AUT"]
[WhiteTeam "SPG Oberland"]
[BlackTeam "ASK Salzburg"]

1. Nf3 d5 2. c4 c6 3. e3 Nf6 4. b3 Bg4 5. Bb2 e6 6. h3 Bf5 7. Nh4 Bxb1 8. Qxb1
Bd6 9. a3 Nbd7 10. g3 Qc7 11. Rg1 a6 12. g4 h6 13. Qc2 O-O-O 14. cxd5 cxd5 15.
Qxc7+ Kxc7 16. d4 Rc8 17. Bd3 Kb8 18. Nf3 Nh7 19. h4 g6 20. Kd2 Nhf6 21. Rg2
Ng8 22. Rh1 Ne7 23. Rgg1 Nc6 24. Bc2 Rc7 25. Rc1 Rg8 26. g5 h5 27. Bd3 Rgc8 28.
Rc3 Ka7 29. Bc2 b5 30. b4 Nb6 31. Bb3 a5 32. bxa5 Nxa5 33. Rxc7+ Rxc7 34. Bc2
Nbc4+ 35. Kc1 Bxa3 36. Bxa3 Nxa3 37. Ne1 Nxc2 38. Nxc2 Rc4 39. Kb2 b4 40. Ra1
Kb6 41. Ne1 Rc3 42. Nc2 Nc4+ 43. Kb1 Na3+ 44. Nxa3 bxa3 45. Ka2 Rc2+ 46. Kxa3
Rxf2 47. Rb1+ Kc7 48. Rc1+ Kd7 49. Kb4 Rh2 50. Rf1 Ke7 51. Rf4 Rg2 52. Rf3 Rg4
53. Rh3 f6 54. gxf6+ Kxf6 55. Kc5 g5 56. Rf3+ Kg6 57. hxg5 Kxg5 58. Kd6 Re4 59.
Rg3+ Kf5  0-1

[Event "2. Bundesliga West 2018/19"]
[Site "OMICRON Electronics"]
[Date "2018.12.09"]
[Round "5"]
[Board "6"]
[White "Wollrab, Richard"]
[Black "Pali, Philipp"]
[Result "0-1"]
[WhiteElo "2145"]
[BlackElo "2071"]
[PlyCount "120"]
[EventDate "2018.10.12"]
[EventType "team"]
[EventRounds "11"]
[EventCountry "AUT"]
[WhiteTeam "ASK Salzburg"]
[BlackTeam "SPG Oberland"]

1. d4 f5 2. g3 Nf6 3. Bg2 g6 4. c4 Bg7 5. Nc3 O-O 6. Nf3 d6 7. O-O Qe8 8. b3 c6
9. Bb2 Na6 10. Qc2 Nc7 11. Rac1 Bd7 12. Rfe1 b5 13. cxb5 cxb5 14. b4 Bc6 15. d5
Bb7 16. Nd4 Qd7 17. Nb3 Rac8 18. Na5 Na8 19. e4 fxe4 20. Nxe4 Nxe4 21. Bxe4
Bxb2 22. Qxb2 Nb6 23. Qd4 Rxc1 24. Rxc1 Rc8 25. Re1 Ba8 26. Bf3 h5 27. Re6 Qxe6
28. dxe6 Bxf3 29. Qf4 Rf8 30. Qd2 Rf5 31. Qh6 Rf6 32. Qe3 Bd5 33. f4 Rxe6 34.
Qd3 Kh7 35. f5 Be4 36. fxg6+ Bxg6 37. Qd4 Re2 38. Nc6 Nc4 39. Qxa7 Nd2 40. Nd4
Re1+ 41. Kf2 Re5 42. Nc6 Re6 43. Nxe7 Rf6+ 44. Ke2 Nc4 45. Nd5+ Rf7 46. Qd4 Bf5
47. Nf6+ Kg6 48. Nxh5 Kxh5 49. g4+ Bxg4+ 50. Ke1 Re7+ 51. Kf2 Re2+ 52. Kg3 Re3+
53. Kf2 Rf3+ 54. Kg1 Bh3 55. Qh8+ Kg4 56. Qg7+ Kf5 57. Qf7+ Ke4 58. Qe7+ Kd4
59. Qh4+ Kd5 60. Qh5+ Ne5  0-1

[Event "2. Bundesliga West 2018/19"]
[Site "OMICRON Electronics"]
[Date "2018.12.09"]
[Round "5"]
[Board "1"]
[White "Hoefelsauer, Thomas"]
[Black "Bertagnolli, Alexander"]
[Result "1/2-1/2"]
[WhiteElo "2339"]
[BlackElo "2375"]
[PlyCount "66"]
[EventDate "2018.10.12"]
[EventType "team"]
[EventRounds "11"]
[EventCountry "AUT"]
[WhiteTeam "Wolfurt"]
[BlackTeam "Kufstein/Woergl"]

1. Nf3 c5 2. c4 Nc6 3. Nc3 g6 4. g3 Bg7 5. Bg2 e5 6. O-O d6 7. d3 Nge7 8. Bg5
f6 9. Bd2 Be6 10. a3 Qd7 11. Rb1 Bh3 12. b4 b6 13. b5 Bxg2 14. Kxg2 Nd4 15. e3
Ne6 16. e4 h5 17. Nd5 g5 18. h3 Nxd5 19. cxd5 g4 20. hxg4 hxg4 21. dxe6 gxf3+
22. Qxf3 Qxe6 23. Rh1 Kf7 24. Rh5 Qa2 25. Rd1 Rxh5 26. Qxh5+ Ke7 27. Qh7 Qf7
28. Rh1 Rh8 29. Qf5 Rxh1 30. Kxh1 Qa2 31. Qg6 Qxd2 32. Qxg7+ Ke8 33. Qg8+ Ke7
 1/2-1/2

[Event "2. Bundesliga West 2018/19"]
[Site "OMICRON Electronics"]
[Date "2018.12.09"]
[Round "5"]
[Board "2"]
[White "Koepke, Christian"]
[Black "Matt, Fabian"]
[Result "1-0"]
[WhiteElo "2316"]
[BlackElo "2228"]
[PlyCount "69"]
[EventDate "2018.10.12"]
[EventType "team"]
[EventRounds "11"]
[EventCountry "AUT"]
[WhiteTeam "Kufstein/Woergl"]
[BlackTeam "Wolfurt"]

1. e4 e5 2. Nf3 Nf6 3. Nxe5 d6 4. Nf3 Nxe4 5. d3 Nf6 6. d4 d5 7. Bd3 Bd6 8.
Qe2+ Qe7 9. Qxe7+ Kxe7 10. O-O Re8 11. Re1+ Kf8 12. Rxe8+ Kxe8 13. Nc3 c6 14.
Bd2 Kf8 15. Re1 h6 16. Ne5 Bd7 17. a3 b5 18. a4 b4 19. Na2 a5 20. c3 c5 21.
dxc5 bxc3 22. Nxc3 Bxc5 23. Nb5 Bb4 24. Bxb4+ axb4 25. b3 Na6 26. Ra1 Ke7 27.
Nd4 Ne4 28. f3 Nec5 29. Bxa6 Nxa6 30. Nd3 Kd6 31. Kf2 Re8 32. Rd1 Rc8 33. Ke3
Rc3 34. Kd2 Nc5 35. Nxb4  1-0

[Event "2. Bundesliga West 2018/19"]
[Site "OMICRON Electronics"]
[Date "2018.12.09"]
[Round "5"]
[Board "3"]
[White "Neuberger, Guido"]
[Black "Neuschmied, Siegfried"]
[Result "1/2-1/2"]
[WhiteElo "2251"]
[BlackElo "2284"]
[PlyCount "251"]
[EventDate "2018.10.12"]
[EventType "team"]
[EventRounds "11"]
[EventCountry "AUT"]
[WhiteTeam "Wolfurt"]
[BlackTeam "Kufstein/Woergl"]

1. e4 d6 2. d4 Nf6 3. Nc3 g6 4. f4 Bg7 5. Nf3 O-O 6. e5 Nfd7 7. h4 c5 8. h5
cxd4 9. hxg6 dxc3 10. gxf7+ Rxf7 11. Bc4 e6 12. Ng5 Nxe5 13. Qh5 h6 14. fxe5
hxg5 15. Qh7+ Kf8 16. Qh8+ Bxh8 17. Rxh8+ Kg7 18. Rxd8 Nc6 19. Rxd6 Nxe5 20.
Be2 Rd7 21. Rxe6 Rd1+ 22. Kxd1 Bxe6 23. bxc3 Rh8 24. Rb1 Rh1+ 25. Kd2 b6 26. c4
Kg6 27. Kc3 Re1 28. Bd3+ Nxd3 29. cxd3 Rg1 30. a4 Bf5 31. a5 bxa5 32. Ra1 Rd1
33. Kb2 Rxd3 34. Ra3 Rd4 35. Rg3 g4 36. Rc3 Be4 37. g3 Rd7 38. Re3 Kf5 39. Ra3
Bc6 40. Rxa5+ Ke4 41. Rg5 Kd3 42. Rxg4 Rb7+ 43. Ka2 Kc2 44. Ba3 Ba4 45. Rf4
Bb3+ 46. Ka1 Rd7 47. Rf2+ Kc3 48. Bb2+ Kxc4 49. Rf4+ Kb5 50. Bc3 a5 51. Kb2 a4
52. g4 Rh7 53. Rf2 Rh4 54. Rf5+ Kc4 55. Rf4+ Kd3 56. Bf6 Rh2+ 57. Ka3 Rg2 58.
g5 Ke3 59. Rf1 Rg4 60. Be7 Bc2 61. Re1+ Kd2 62. Re6 Rg3+ 63. Kb4 Kc1 64. Re1+
Kd2 65. Re5 Rg4+ 66. Kb5 Re4 67. Bb4+ Kc1 68. Rc5 Kb2 69. g6 Rg4 70. g7 Bb3 71.
Bc3+ Kc2 72. Bf6+ Kd2 73. Bg5+ Kd3 74. Kb6 a3 75. Bf6 Bc4 76. Kc7 a2 77. Ra5
Rg1 78. Ra3+ Ke4 79. Ra4 Kf5 80. Bd4 Rc1 81. Kd6 Bf7 82. Ra7 Kg6 83. Ke7 Re1+
84. Kd6 Rd1 85. Kc5 Rxd4 86. Kxd4 Kxg7 87. Ke5 Kg6 88. Ra3 Kg5 89. Rg3+ Kh4 90.
Rg1 Kh3 91. Ra1 Kg3 92. Kd4 Kf2 93. Kc3 Ke2 94. Rg1 Bd5 95. Kb2 Kd3 96. Rg5 Kd4
97. Rg4+ Ke3 98. Ra4 Kd3 99. Ra7 Kd4 100. Ra5 Ke5 101. Kc3 Ke4 102. Ra7 Ke5
103. Kd3 Be4+ 104. Ke3 Bd5 105. Ra5 Ke6 106. Kd4 Bb3 107. Re5+ Kf6 108. Ra5 Bg8
109. Ke4 Bb3 110. Kd4 Bg8 111. Ke3 Bb3 112. Ra3 Bc4 113. Kf4 Ke6 114. Ke4 Kf6
115. Ra4 Bb3 116. Ra5 Bc4 117. Kd4 Bb3 118. Ra6+ Kf5 119. Ra7 Bg8 120. Ra5+ Kf4
121. Ra8 Bf7 122. Ra6 Kf5 123. Ra3 Kf6 124. Ra7 Be6 125. Ra6 Kf5 126. Ra5+
 1/2-1/2

[Event "2. Bundesliga West 2018/19"]
[Site "OMICRON Electronics"]
[Date "2018.12.09"]
[Round "5"]
[Board "4"]
[White "Seresin, Francesco"]
[Black "Wagner, Leopold Franziskus"]
[Result "1-0"]
[WhiteElo "2286"]
[BlackElo "1941"]
[PlyCount "89"]
[EventDate "2018.10.12"]
[EventType "team"]
[EventRounds "11"]
[EventCountry "AUT"]
[WhiteTeam "Kufstein/Woergl"]
[BlackTeam "Wolfurt"]

1. d4 Nf6 2. c4 e6 3. Nc3 Bb4 4. Qc2 O-O 5. a3 Bxc3+ 6. Qxc3 Ne4 7. Qc2 f5 8.
g3 d5 9. Bg2 c6 10. Nf3 Nd7 11. O-O Ndf6 12. Bf4 Bd7 13. Ne1 Be8 14. c5 Nd7 15.
f3 Ng5 16. Nd3 Bg6 17. b4 Nf7 18. Qb2 b5 19. a4 a6 20. Ra3 bxa4 21. Rxa4 Bh5
22. Rfa1 g5 23. Be5 Nfxe5 24. dxe5 Nb8 25. Qd4 Ra7 26. e3 Rg7 27. Kf2 Rgf7 28.
f4 Ra7 29. Bf1 g4 30. Ne1 Qc8 31. R1a2 Be8 32. Qa1 Bd7 33. Bxa6 Nxa6 34. Rxa6
Rb7 35. Nc2 h5 36. Ra8 Rb8 37. Rxb8 Qxb8 38. Ra7 Qe8 39. Qa6 h4 40. gxh4 Qe7
41. Kg3 Rf7 42. Ra8+ Be8 43. Qc8 Kf8 44. Nd4 Rh7 45. Nxe6+  1-0

[Event "2. Bundesliga West 2018/19"]
[Site "OMICRON Electronics"]
[Date "2018.12.09"]
[Round "5"]
[Board "5"]
[White "Bischofberger, Dario"]
[Black "Prediger, Rupert"]
[Result "1/2-1/2"]
[WhiteElo "2135"]
[BlackElo "2245"]
[PlyCount "67"]
[EventDate "2018.10.12"]
[EventType "team"]
[EventRounds "11"]
[EventCountry "AUT"]
[WhiteTeam "Wolfurt"]
[BlackTeam "Kufstein/Woergl"]

1. d4 c5 2. d5 d6 3. e4 g6 4. Nf3 Bg7 5. Bb5+ Nd7 6. O-O a6 7. Bxd7+ Bxd7 8. a4
b5 9. Re1 Nf6 10. Nc3 b4 11. Nb1 O-O 12. Nbd2 a5 13. Nc4 Bc8 14. Bf4 Bb7 15. h3
Re8 16. Bh2 Nd7 17. Nfd2 Nb6 18. Nxb6 Qxb6 19. Nc4 Qa6 20. Qd3 Rad8 21. Rad1
Qa7 22. b3 Bd4 23. Bf4 Qa6 24. Be3 Bc3 25. Bd2 Bg7 26. Re2 Qa7 27. Rde1 Ba6 28.
h4 Qd7 29. h5 Qg4 30. hxg6 hxg6 31. Re3 Bd4 32. Rg3 Bxc4 33. bxc4 Qd7 34. e5
 1/2-1/2

[Event "2. Bundesliga West 2018/19"]
[Site "OMICRON Electronics"]
[Date "2018.12.09"]
[Round "5"]
[Board "6"]
[White "Kranewitter, Norbert"]
[Black "Kalcher, Mathias"]
[Result "0-1"]
[WhiteElo "2008"]
[BlackElo "2070"]
[PlyCount "54"]
[EventDate "2018.10.12"]
[EventType "team"]
[EventRounds "11"]
[EventCountry "AUT"]
[WhiteTeam "Kufstein/Woergl"]
[BlackTeam "Wolfurt"]

1. e4 c5 2. Nc3 a6 3. f4 b5 4. Nf3 Bb7 5. d3 e6 6. g4 d5 7. Qe2 dxe4 8. dxe4
Nc6 9. g5 h6 10. Bg2 hxg5 11. fxg5 Nd4 12. Qd3 Ne7 13. Bf4 Ng6 14. Bg3 Nxf3+
15. Bxf3 b4 16. Qxd8+ Rxd8 17. Na4 Nh4 18. Ke2 Bc6 19. Nb6 Bb5+ 20. Ke3 c4 21.
Bc7 Bc5+ 22. Kf4 Rd2 23. Rhd1 Ng6+ 24. Kg3 Bf2+ 25. Kg2 Nh4+ 26. Kf1 c3+ 27.
Be2 Bxe2+  0-1

[Event "2. Bundesliga West 2018/19"]
[Site "OMICRON Electronics"]
[Date "2018.12.09"]
[Round "5"]
[Board "1"]
[White "Hertneck, Gerald"]
[Black "Lehner, Oliver"]
[Result "1/2-1/2"]
[WhiteElo "2487"]
[BlackElo "2399"]
[PlyCount "60"]
[EventDate "2018.10.12"]
[EventType "team"]
[EventRounds "11"]
[EventCountry "AUT"]
[WhiteTeam "Sparkasse Neumarkt"]
[BlackTeam "Absam"]

1. d4 Nf6 2. Nf3 e6 3. c4 d5 4. Nc3 a6 5. cxd5 exd5 6. Bg5 Be6 7. e3 Nbd7 8.
Bd3 Bd6 9. O-O O-O 10. Qc2 h6 11. Bh4 c6 12. Bg3 Qe7 13. Rae1 c5 14. e4 dxe4
15. Nxe4 Bxg3 16. fxg3 Rac8 17. Nxf6+ Nxf6 18. Bf5 Bxf5 19. Qxf5 Qd6 20. Qe5
Rfd8 21. Qxd6 Rxd6 22. dxc5 Rxc5 23. Rc1 Rdc6 24. Rxc5 Rxc5 25. Nd4 Kf8 26. Re1
g6 27. h3 h5 28. Kf2 Rd5 29. Nf3 Rc5 30. Re2 Rd5  1/2-1/2

[Event "2. Bundesliga West 2018/19"]
[Site "OMICRON Electronics"]
[Date "2018.12.09"]
[Round "5"]
[Board "2"]
[White "Wegerle, Joerg"]
[Black "Barseghyan, Harutyun"]
[Result "1/2-1/2"]
[WhiteElo "2405"]
[BlackElo "2466"]
[PlyCount "64"]
[EventDate "2018.10.12"]
[EventType "team"]
[EventRounds "11"]
[EventCountry "AUT"]
[WhiteTeam "Absam"]
[BlackTeam "Sparkasse Neumarkt"]

1. Nf3 d5 2. g3 Nf6 3. Bg2 c6 4. b3 Bg4 5. Bb2 Nbd7 6. O-O e6 7. d3 Be7 8. Nbd2
O-O 9. c4 a5 10. a3 Bd6 11. Qc2 e5 12. h3 Bh5 13. e4 dxe4 14. dxe4 Re8 15. Rfe1
Qb6 16. Bc3 Bc5 17. Nf1 Bg6 18. Nh4 Bd4 19. Nxg6 hxg6 20. Rab1 Nf8 21. Bxd4
Qxd4 22. Red1 Qa7 23. Qc3 Qb8 24. Ne3 Ne6 25. c5 Qa7 26. b4 Nd4 27. Rd2 Nb5 28.
Qb2 axb4 29. axb4 Qa3 30. Nc4 Qxb2 31. Rbxb2 Ra1+ 32. Kh2 Rc1  1/2-1/2

[Event "2. Bundesliga West 2018/19"]
[Site "OMICRON Electronics"]
[Date "2018.12.09"]
[Round "5"]
[Board "3"]
[White "De Visser, Leon"]
[Black "Weinzettl, Ernst"]
[Result "1/2-1/2"]
[WhiteElo "2243"]
[BlackElo "2220"]
[PlyCount "60"]
[EventDate "2018.10.12"]
[EventType "team"]
[EventRounds "11"]
[EventCountry "AUT"]
[WhiteTeam "Sparkasse Neumarkt"]
[BlackTeam "Absam"]

1. c4 Nf6 2. g3 g6 3. Bg2 Bg7 4. Nc3 O-O 5. d3 d6 6. Rb1 a5 7. a3 e5 8. Nf3 Nc6
9. O-O Nd4 10. b4 axb4 11. axb4 c6 12. Bb2 Bg4 13. e3 Nxf3+ 14. Bxf3 Qd7 15. b5
Bxf3 16. Qxf3 d5 17. bxc6 bxc6 18. cxd5 cxd5 19. Ra1 Rfb8 20. Rxa8 Rxa8 21. Ra1
Rxa1+ 22. Bxa1 Qa7 23. Qd1 h5 24. Qa4 Qb7 25. Qb5 Qa8 26. Bb2 h4 27. Qa4 Qb7
28. Qb5 Qa8 29. Qa4 Qb7 30. Qb5 Qa8  1/2-1/2

[Event "2. Bundesliga West 2018/19"]
[Site "OMICRON Electronics"]
[Date "2018.12.09"]
[Round "5"]
[Board "4"]
[White "Deglmann, Ludwig"]
[Black "Wuppinger, Manfred"]
[Result "1-0"]
[WhiteElo "2270"]
[BlackElo "2036"]
[PlyCount "105"]
[EventDate "2018.10.12"]
[EventType "team"]
[EventRounds "11"]
[EventCountry "AUT"]
[WhiteTeam "Absam"]
[BlackTeam "Sparkasse Neumarkt"]

1. f4 d5 2. Nf3 e6 3. g3 c6 4. Bg2 Nd7 5. Nc3 Ngf6 6. O-O Bb4 7. a3 Ba5 8. b4
Bb6+ 9. e3 O-O 10. Kh1 Bc7 11. d4 Nb6 12. Ne5 Nfd7 13. e4 f6 14. Nd3 Kh8 15. f5
dxe4 16. Bxe4 e5 17. Nc5 Nxc5 18. dxc5 Qxd1 19. Rxd1 Nd7 20. Be3 a6 21. Rd3 Re8
22. Rad1 Nf8 23. Na4 g6 24. g4 h5 25. h3 hxg4 26. hxg4 Re7 27. Kg2 Kg7 28. Nb6
Bxb6 29. cxb6 Rd7 30. Kf3 Rxd3 31. Rxd3 Bd7 32. Bc5 Be8 33. Bxf8+ Kxf8 34. fxg6
Kg7 35. g5 fxg5 36. Kg4 Bxg6 37. Rd7+ Kh6 38. Bxg6 Kxg6 39. Rxb7 Kf6 40. Rc7 e4
41. Rxc6+ Ke5 42. c3 Rb8 43. Rc5+ Kd6 44. Rxg5 Kc6 45. Kf4 Kxb6 46. Kxe4 Rh8
47. a4 Rh4+ 48. Kd3 Rh3+ 49. Kc4 Rh4+ 50. Kb3 Rh6 51. a5+ Kc6 52. Rg8 Rh4 53.
Rb8  1-0